Statistiques concernant Groupes Ligue des Champions 2012-2013

Cliquez ici pour prendre le quiz!

Statistiques générales

  • Ce quiz a été pris 74 fois
  • Le résultat moyen est 23 sur 32

Statistiques - réponses

GroupePlace dans le groupeNoms des équipes% Correct
Groupe G1erFC Barcelone
100%
Groupe A1erPSG
100%
Groupe D2èmeReal Madrid
100%
Groupe D4èmeManchester City
98%
Groupe C2èmeAC Milan
97%
Groupe F1erBayern Munich
97%
Groupe H1erManchester United
97%
Groupe B2èmeArsenal
95%
Groupe E3èmeChelsea
95%
Groupe E1erJuventus
95%
Groupe D1erBorussia Dortmund
94%
Groupe G3èmeBenfica Lisbonne
92%
Groupe A2èmeFC Porto
92%
Groupe F2èmeValence CF
84%
Groupe D3èmeAjax Amsterdam
81%
Groupe F4èmeLille OSC
81%
Groupe B4èmeMontpellier HSC
73%
Groupe B1erSchalke 04
73%
Groupe G2èmeCeltic Glasgow
68%
Groupe H2èmeGalatasaray
68%
Groupe B3èmeOlympiakos
66%
Groupe C4èmeRSC Anderlecht
61%
Groupe C3èmeZénith Saint-Pétersbourg
60%
Groupe A4èmeDinamo Zagreb
58%
Groupe A3èmeDynamo Kiev
53%
Groupe F3èmeBATE Borisov
45%
Groupe C1erMálaga CF
42%
Groupe G4èmeSpartak Moscou
34%
Groupe H4èmeSporting Braga
34%
Groupe E2èmeChakhtar Donestk
31%
Groupe H3èmeCFR Cluj
26%
Groupe E4èmeNordsjælland
11%

Distribution des résultats

Percentile par nombre de réponses

% des personnes avec chaque résultat

Votre développement - résultats

Vous n’avez pas pris ce quiz